LEADER 01554nam a2200301 u 4500 001 000000041212 003 CaOOAMICUS 005 20070226114204.0 008 981109s1990 it u000 u ita u 035 $a10807759 040 $aBAV$bita 100 1 $aBugossi, Tomaso.$0(OLS)http://pul/name/19400 245 10$aMomenti di storia del rosminianesimo.$nVolume II,$pL'ermeneutica della fedeltà : morale, religione, arte in Bozzetti /$cTomaso Bugossi. 246 30$aErmeneutica della fedeltà : morale, religione, arte in Bozzetti 260 $aStresa :$bLibreria editoriale Sodalitas,$c[1990] 300 $a84 p. ;$c24 cm 490 1 $aBiblioteca di Studi rosminiani ;$v13 504 $aBibliografia: p. [81]-84. 600 14$aBozzetti, Giuseppe,$cI.D.C.,$d1878-1956$xCritica e interpretazione.$0(OLS)http://pul/subject/18592 650 4$aErmeneutica.$0(OLS)http://pul/subject/438 830 0$aBiblioteca di Studi rosminiani ;$v13.$0(OLS)http://pul/title/55579 850 $aPUL 852 $aPUL$W1$xDP1 Fondo Giannini$y60$m1560 B 32$j55862$nBK-PRI$b $qFondi$B55862$CPULBib$Z2$F55862 $H $81 941 1 $a1 961 $aINV: Fondo G. Giannini 996 $6245$aMomenti di storia del rosminianesimo.$nVolume II,$pL'ermeneutica della fedeltà : morale, religione, arte in Bozzetti$9(OLS)http://pul/title/55624 996 $6246$aErmeneutica della fedeltà : morale, religione, arte in Bozzetti$9(OLS)http://pul/title/55625 996 $6260$aStresa :$bLibreria editoriale Sodalitas$9(OLS)http://pul/publisher/64502 LEADER 01314nam a2200301 u 4500 001 000000111276 003 CaOOAMICUS 005 20080710102948.0 008 080418s2008 it u000 u ita u 020 $z978-88-343-1497-5* 040 $aPUL(R)$bita$dBc 041 1 $aita$heng 100 1 $aJenkins, Philip.$0(OLS)http://pul/name/68322 240 10$aNew faces of christianity : believing the Bible in the global south.$lItaliano.$0(OLS)http://pul/title/139915 245 12$aI nuovi volti del cristianesimo /$cPhilip Jenkins. 260 $aMilano :$bV&P,$c2008. 300 $a318 p. ;$c22 cm. 490 1 $aCultura e storia ;$v27. 650 4$aCristianesimo$zAsia.$0(OLS)http://pul/subject/10832 650 4$aCristianesimo$zAfrica.$0(OLS)http://pul/subject/34302 650 4$aCristianesimo.$0(OLS)http://pul/subject/787 830 0$aCultura e storia (Vita e Pensiero) ;$v27.$0(OLS)http://pul/title/1596 850 $aPUL 852 $aPUL$W1$xDP1 Cons. Gen., Altre Classi 1$y22$m388 P 27$j127556$qStampati$B126258$CPULBib$Z2$F126258 $H107124 $82 941 1 $a8 996 $6020$z978-88-343-1497-5*$9(OLS)http://pul/number/137766 996 $6245$aI nuovi volti del cristianesimo$9(OLS)http://pul/title/139916 996 $6260$aMilano :$bV&P$9(OLS)http://pul/publisher/78336